Vista normal Vista MARC

Entrada Personal Name

Número de registros utilizados en: 1

001 - CONTROL NUMBER

  • control field: 12530

003 - CONTROL NUMBER IDENTIFIER

  • control field: OSt

005 - DATE AND TIME OF LATEST TRANSACTION

  • control field: 20201210164458.0

008 - FIXED-LENGTH DATA ELEMENTS

  • fixed length control field: 201210|| aca||aabn | a|a d

040 ## - CATALOGING SOURCE

  • Original cataloging agency: OSt
  • Transcribing agency: OSt

100 ## - HEADING--PERSONAL NAME

  • Personal name: Baca Urbina, Gabriel

670 ## - SOURCE DATA FOUND

  • Source citation: Work cat.: (OSt)5688: Leland T., Blank, autor 12522, Ingeniería económica /, 1986